000 00570cam a22002053a 4500
001 38599
003 PGUSA
005 20140828083842.0
008 120218s2012||||xxu|||||s|||||000 | eng d
040 _aPGUSA
_beng
042 _adc
100 1 _aMacDonald, Wilson
245 1 4 _aThe Miracle Songs of Jesus
_h[electronic resource] /
_cWilson MacDonald
260 _bProject Gutenberg,
_c2012
506 _aPublic domain in the USA.
516 _aElectronic text
830 0 _aProject Gutenberg
_v38599
856 4 0 _uhttp://www.gutenberg.org/ebooks/38599
942 _cEB
999 _c267853
_d267853